<?xml version="1.0" encoding="UTF-8"?>
<record
    xmlns:xsi="http://www.w3.org/2001/XMLSchema-instance"
    xsi:schemaLocation="http://www.loc.gov/MARC21/slim http://www.loc.gov/standards/marcxml/schema/MARC21slim.xsd"
    xmlns="http://www.loc.gov/MARC21/slim">

  <leader>03014njm a2200529Ia 4500</leader>
  <controlfield tag="001">F2127</controlfield>
  <controlfield tag="003">IT-RoPAU</controlfield>
  <controlfield tag="005">20220918181114.0</controlfield>
  <controlfield tag="008">131025s9999    xx            000 0 und d</controlfield>
  <datafield tag="040" ind1=" " ind2=" ">
    <subfield code="a">IT-RoPAU</subfield>
  </datafield>
  <datafield tag="040" ind1=" " ind2=" ">
    <subfield code="c">IT-RoPAU</subfield>
  </datafield>
  <datafield tag="999" ind1=" " ind2=" ">
    <subfield code="c">99264</subfield>
    <subfield code="d">99264</subfield>
  </datafield>
  <datafield tag="999" ind1=" " ind2=" ">
    <subfield code="b">n.d.</subfield>
  </datafield>
  <datafield tag="100" ind1=" " ind2=" ">
    <subfield code="a">AA.VV.</subfield>
    <subfield code="9">794</subfield>
  </datafield>
  <datafield tag="100" ind1=" " ind2=" ">
    <subfield code="e">Autore musica</subfield>
    <subfield code="9">32465</subfield>
  </datafield>
  <datafield tag="100" ind1=" " ind2=" ">
    <subfield code="g">Codice autore musica SPICS: 12000</subfield>
    <subfield code="9">796</subfield>
  </datafield>
  <datafield tag="245" ind1=" " ind2=" ">
    <subfield code="a">Elusive</subfield>
  </datafield>
  <datafield tag="250" ind1=" " ind2=" ">
    <subfield code="a">1a ed.</subfield>
  </datafield>
  <datafield tag="260" ind1=" " ind2=" ">
    <subfield code="a">MILANO</subfield>
  </datafield>
  <datafield tag="260" ind1=" " ind2=" ">
    <subfield code="b">RUSCONI</subfield>
    <subfield code="c">1998 [1a Ed.:0]</subfield>
  </datafield>
  <datafield tag="300" ind1=" " ind2=" ">
    <subfield code="a">COMPACT DISC</subfield>
  </datafield>
  <datafield tag="300" ind1=" " ind2=" ">
    <subfield code="c">74 minuti (Testo: 0 pag.)</subfield>
  </datafield>
  <datafield tag="500" ind1=" " ind2=" ">
    <subfield code="a">Musica jazz. Cd fuori commercio allegato al n. 6 '98 della rivista "Musica jazz".</subfield>
  </datafield>
  <datafield tag="505" ind1=" " ind2=" ">
    <subfield code="a">Syeeda's Song Flute [(New York 1982) (6:00)] - A Child Is Born [(Danimarca 1993) (7:00)] - Confirmation [(New York 1977) (7:00)] - Birk's Works [(New York 1978) (6:00)] - Rachel's Rondo [(New York 1980) (6:00)] - Naima [(New York 1982) (5:00)] - Elusive [(Danimarca 1993) (8:00)] - A Blue Time [(New York 1977) (7:00)] - Light Blue [(New York 1982) (6:00)] - Minor Perhaps [(New York 1980) (7:00)] - They Say It's Spring [(New York 1978) (6:00)] - Giant Steps [(New York 1982) (7:00)]</subfield>
  </datafield>
  <datafield tag="511" ind1=" " ind2=" ">
    <subfield code="a">Flanagan Tommy: p; Mraz George: cb; Foster Al: batt</subfield>
  </datafield>
  <datafield tag="511" ind1=" " ind2=" ">
    <subfield code="a">Flanagan Tommy: p; Lundgaard Jesper: cb; Nash Lewis: batt</subfield>
  </datafield>
  <datafield tag="511" ind1=" " ind2=" ">
    <subfield code="a">Flanagan Tommy: p; Mraz George: cb; Jones Elvin: batt</subfield>
  </datafield>
  <datafield tag="511" ind1=" " ind2=" ">
    <subfield code="a">Flanagan Tommy: p; Mraz George: cb</subfield>
  </datafield>
  <datafield tag="511" ind1=" " ind2=" ">
    <subfield code="a">Flanagan Tommy: p; Mitchell Red: cb; Jones Elvin: batt</subfield>
  </datafield>
  <datafield tag="511" ind1=" " ind2=" ">
    <subfield code="a">Flanagan Tommy: p; Mraz George: cb; Foster Al: batt</subfield>
  </datafield>
  <datafield tag="511" ind1=" " ind2=" ">
    <subfield code="a">Flanagan Tommy: p; Lundgaard Jesper: cb; Nash Lewis: batt</subfield>
  </datafield>
  <datafield tag="511" ind1=" " ind2=" ">
    <subfield code="a">Flanagan Tommy: p; Mraz George: cb; Jones Elvin: batt</subfield>
  </datafield>
  <datafield tag="511" ind1=" " ind2=" ">
    <subfield code="a">Flanagan Tommy: p; Mraz George: cb; Taylor Art: batt</subfield>
  </datafield>
  <datafield tag="511" ind1=" " ind2=" ">
    <subfield code="a">Flanagan Tommy: p; Mitchell Red: cb; Jones Elvin: batt</subfield>
  </datafield>
  <datafield tag="511" ind1=" " ind2=" ">
    <subfield code="a">Flanagan Tommy: p; Mraz George: cb</subfield>
  </datafield>
  <datafield tag="511" ind1=" " ind2=" ">
    <subfield code="a">Flanagan Tommy: p; Mraz George: cb; Foster Al: batt</subfield>
  </datafield>
  <datafield tag="650" ind1=" " ind2=" ">
    <subfield code="a">JAZZ [COMPACT DISC]</subfield>
    <subfield code="e">Codice MATERIA SPICS: 9949</subfield>
    <subfield code="9">11822</subfield>
  </datafield>
  <datafield tag="700" ind1=" " ind2=" ">
    <subfield code="a">Flanagan Tommy</subfield>
    <subfield code="g">Codice interprete SPICS: 16181</subfield>
    <subfield code="e">Interprete</subfield>
    <subfield code="9">32466</subfield>
  </datafield>
  <datafield tag="700" ind1=" " ind2=" ">
    <subfield code="a">Coltrane John William</subfield>
    <subfield code="g">Codice autore musica SPICS: 10732</subfield>
    <subfield code="e">Autore musica</subfield>
    <subfield code="p">Syeeda's Song Flute - Naima - Giant Steps</subfield>
    <subfield code="9">32467</subfield>
  </datafield>
  <datafield tag="700" ind1=" " ind2=" ">
    <subfield code="a">Jones Thad</subfield>
    <subfield code="g">Codice autore musica SPICS: 13030</subfield>
    <subfield code="e">Autore musica</subfield>
    <subfield code="p">A Child Is Born - Elusive</subfield>
    <subfield code="9">32468</subfield>
  </datafield>
  <datafield tag="700" ind1=" " ind2=" ">
    <subfield code="a">Parker Charlie (B.)</subfield>
    <subfield code="g">Codice autore musica SPICS: 10799</subfield>
    <subfield code="e">Autore musica</subfield>
    <subfield code="p">Confirmation</subfield>
    <subfield code="9">32469</subfield>
  </datafield>
  <datafield tag="700" ind1=" " ind2=" ">
    <subfield code="a">Gillespie Dizzy</subfield>
    <subfield code="g">Codice autore musica SPICS: 10777</subfield>
    <subfield code="e">Autore musica</subfield>
    <subfield code="p">Birk's Works</subfield>
    <subfield code="9">32470</subfield>
  </datafield>
  <datafield tag="700" ind1=" " ind2=" ">
    <subfield code="a">Flanagan Tommy</subfield>
    <subfield code="g">Codice autore musica SPICS: 16181</subfield>
    <subfield code="e">Autore musica</subfield>
    <subfield code="p">Rachel's Rondo - Minor Perhaps</subfield>
    <subfield code="9">32471</subfield>
  </datafield>
  <datafield tag="700" ind1=" " ind2=" ">
    <subfield code="a">Dameron Tadd</subfield>
    <subfield code="g">Codice autore musica SPICS: 10526</subfield>
    <subfield code="e">Autore musica</subfield>
    <subfield code="p">A Blue Time</subfield>
    <subfield code="9">32472</subfield>
  </datafield>
  <datafield tag="700" ind1=" " ind2=" ">
    <subfield code="a">Monk Thelonious</subfield>
    <subfield code="g">Codice autore musica SPICS: 10795</subfield>
    <subfield code="e">Autore musica</subfield>
    <subfield code="p">Light Blue</subfield>
    <subfield code="9">32473</subfield>
  </datafield>
  <datafield tag="700" ind1=" " ind2=" ">
    <subfield code="a">Haymes B.</subfield>
    <subfield code="g">Codice autore musica SPICS: 50654</subfield>
    <subfield code="e">Autore musica</subfield>
    <subfield code="p">They Say It's Spring</subfield>
    <subfield code="9">32474</subfield>
  </datafield>
  <datafield tag="942" ind1=" " ind2=" ">
    <subfield code="c">CD</subfield>
    <subfield code="2">ddc</subfield>
  </datafield>
  <datafield tag="952" ind1=" " ind2=" ">
    <subfield code="0">0</subfield>
    <subfield code="1">0</subfield>
    <subfield code="4">0</subfield>
    <subfield code="6">F_2127_000000000000000</subfield>
    <subfield code="7">1</subfield>
    <subfield code="a">SPICS</subfield>
    <subfield code="b">SPICS</subfield>
    <subfield code="d">2013-10-25</subfield>
    <subfield code="l">0</subfield>
    <subfield code="o">F2127</subfield>
    <subfield code="r">2013-10-25 00:00:00</subfield>
    <subfield code="w">2013-10-25</subfield>
    <subfield code="y">CD</subfield>
    <subfield code="z">Progr. Ins.: 22408 / N.Vol.: 1 / Copie: 1 - Copia rara: n.d. / date import: 01.01.2014 - By Epidotti, Trombetti, Vaglietti</subfield>
  </datafield>
</record>
